Calculus of variations (Record no. 543831)
[ view plain ]
| 000 -LEADER | |
|---|---|
| fixed length control field | 00375nam a22001337a 4500 |
| 082 ## - DEWEY DECIMAL CLASSIFICATION NUMBER | |
| Classification number | 515.64 |
| Author Mark | ELS |
| -- | L-1, P-34 |
| 100 ## - MAIN ENTRY--PERSONAL NAME | |
| Personal name | Elsgolc, L.E |
| 9 (RLIN) | 39329 |
| 245 ## - TITLE STATEMENT | |
| Title | Calculus of variations |
| Statement of responsibility, etc. | L.E, Elsgolc |
| 260 ## - PUBLICATION, DISTRIBUTION, ETC. | |
| Place of publication, distribution, etc. | London |
| Name of publisher, distributor, etc. | Pergamon press Ltd. |
| Date of publication, distribution, etc. | 1962. |
| 300 ## - PHYSICAL DESCRIPTION | |
| Extent | 178 P. : |
| Other physical details | ill. ; |
| Dimensions | 20 cm |
| 526 ## - STUDY PROGRAM INFORMATION NOTE | |
| Program name | 0 |
| Interest level | 0 |
| Reading level | 0 |
| Title point value | 515_640000000000000_ELS |
| 650 ## - SUBJECT ADDED ENTRY--TOPICAL TERM | |
| Topical term or geographic name entry element | MCE |
| 9 (RLIN) | 379 |
| 942 ## - ADDED ENTRY ELEMENTS (KOHA) | |
| Source of classification or shelving scheme | |
| Koha item type | Book |
| Withdrawn status | Lost status | Source of classification or shelving scheme | Damaged status | Not for loan | Permanent Location | Current Location | Date acquired | Total Checkouts | Full call number | Barcode | Date last seen | Price effective from | Koha item type |
|---|---|---|---|---|---|---|---|---|---|---|---|---|---|
| Military College of Engineering (MCE) | Military College of Engineering (MCE) | 04/03/2014 | 515.64 ELS | MCE-2403 | 04/03/2014 | 04/03/2014 | Book |
